LEADER 01016cam0 22002413 450 001 SOB0000001447 005 20230726093953.0 100 $a20010206d1885 |||||ita|0103 ba 101 $aita 102 $aIT 200 1 $aSulla politica coloniale e sull'azione dell'Italia nel mar Rosso$eIn occasione delle interpellanze dei deputati Cairoli, Branca ed altri$fDiscorsi del Ministro degli affari esteri P. S. Mancini 210 $aRoma$cTipografia della Camera dei Deputati$d1885 215 $a50 p.$d29 cm 700 1$aMancini$b, Pasquale Stanislao$3AF00004597$4070$0446854 801 0$aIT$bUNISOB$c20230726$gRICA 850 $aUNISOB 852 $aUNISOB$j340|Coll|5|K$m53266 912 $aSOB0000001447 940 $aM 102 Monografia moderna SBN 941 $aM 957 $a340|Coll|5|K$b000012$gSI$d53266$rACQUISTO$1Alfano$2UNISOB$3UNISOB$420230704094956.0$520230726093934.0$6Alfano$fFotocopia dell'originale 996 $aSulla politica coloniale e sull'azione dell'Italia nel mar Rosso$91678738 997 $aUNISOB